Drag Race France S3 - Statistiques

Statistiques générales
  • Ce quiz a été pris 124 fois
  • Le résultat moyen est 9 sur 10
Statistiques - réponses
Place Queen % Correct
1 Le Filip
100%
3 Lula Strega
95%
9 Magnetica
95%
2 Ruby on the Nail
94%
4 Leona Winter
92%
5 Misty Phoenix
91%
10 Afrodite Amour
88%
7 Norma Bell
88%
6 Perseo
88%
8 Edeha Noir
87%
Aucun quiz correspondant
Distribution des résultats
% des personnes avec chaque résultat
Percentile par nombre de réponses
Votre historique - résultats
Vous n’avez pas pris ce quiz